| Tag |
First Indicator |
Second Indicator |
Subfields |
| LEADER |
00000cam a22000004a 4500 |
| 001 |
in00001663200 |
| 005 |
20151024121150.0 |
| 008 |
010508s2002 nyub b 001 0 eng |
| 010 |
|
|
|a 2001026514
|
| 020 |
|
|
|a 0471403911 (cloth : alk. paper)
|
| 035 |
|
|
|a (OCoLC)ocm46969825
|
| 040 |
|
|
|a DLC
|c DLC
|d C#P
|d TXA
|d UtOrBLW
|
| 042 |
|
|
|a pcc
|
| 049 |
|
|
|a TXAM
|
| 050 |
0 |
0 |
|a KF639
|b .F59 2002
|
| 082 |
0 |
0 |
|a 346.7304/3
|2 21
|
| 100 |
1 |
|
|a Flushman, Bruce S.
|
| 245 |
1 |
0 |
|a Water boundaries :
|b demystifying land boundaries adjacent to tidal or navigable waters /
|c Bruce S. Flushman.
|
| 264 |
|
1 |
|a New York :
|b Wiley,
|c [2002]
|
| 264 |
|
4 |
|c ©2002
|
| 300 |
|
|
|a lvii, 389 pages :
|b maps ;
|c 25 cm.
|
| 336 |
|
|
|a text
|b txt
|2 rdacontent
|
| 337 |
|
|
|a unmediated
|b n
|2 rdamedia
|
| 338 |
|
|
|a volume
|b nc
|2 rdacarrier
|
| 490 |
1 |
|
|a Wiley series in surveying and boundary control
|
| 504 |
|
|
|a Includes bibliographical references and index.
|
| 650 |
|
0 |
|a Water boundaries
|z United States.
|
| 650 |
|
0 |
|a Land titles
|z United States.
|
| 650 |
|
0 |
|a Real property
|z United States.
|
| 650 |
|
0 |
|a Surveying
|x Law and legislation
|z United States.
|
| 830 |
|
0 |
|a Wiley series in surveying and boundary control.
|
| 856 |
4 |
|
|3 Table of Contents
|u http://www.loc.gov/catdir/toc/onix06/2001026514.html
|t 0
|
| 994 |
|
|
|a E0
|b TXA
|
| 948 |
|
|
|a cataloged
|b h
|c 2002/2/27
|d c
|e bwalker
|f 7:09:14 am
|
| 999 |
|
|
|a MARS
|
| 999 |
f |
f |
|s 7201b389-8bd3-3b11-9ddb-f024cce68b5f
|i ca7aaae3-a38c-356f-8225-c5ee2e49988a
|t 0
|
| 952 |
f |
f |
|p ric
|a Texas A&M University
|b Rellis Campus
|c Joint Library Facility
|d Remote Storage
|t 0
|e KF639 .F59 2002
|h Library of Congress classification
|i unmediated -- volume
|m A14828469152
|
| 998 |
f |
f |
|a KF639 .F59 2002
|t 0
|l Remote Storage
|